000 00609nab a2200229 a 4500
005 20210219155132.0
008 991125s1985 mx 000 0 spa u
035 _aUPN01000139008
100 1 _aDrago, Tito
222 _aREVISTA DE EDUCACION
245 _aLa globalización es mucho más que pura economía
260 _aMadrid, España
300 _a83-89
362 0 _a2001 No. Extraordinario
653 0 _aINFORMACION
653 0 _aCOMUNICACION
653 0 _aCULTURA
653 0 _aATENTADOS TERRORISTAS
653 0 _aESTADOS UNIDOS DE AMERICA
653 0 _aAFGANISTAN
905 _aArticulo
999 _c111156
_d111156